|
|
|
|
| LEADER |
00885cam a2200241 7i4500 |
| 001 |
0000005957 |
| 005 |
20181009090000.0 |
| 008 |
100607 eng |
| 020 |
|
|
|a 9781898486473 (hbk.)
|
| 020 |
|
|
|a 1898486476 (hbk.)
|
| 090 |
0 |
0 |
|a QH447
|b .B57 2003
|
| 245 |
0 |
0 |
|a Bioinformatics and genomes :
|b current perspectives
|c edited by Miguel A. Andrade.
|
| 260 |
|
|
|a Wymondham:
|b Horizon Scientific,
|c 2003.
|
| 300 |
|
|
|a xii, 227 p.:
|b ill.;
|c 24 cm.
|
| 504 |
|
|
|a Includes bibliographical references and index
|
| 650 |
0 |
0 |
|a Computational biology --
|x Methods
|
| 650 |
0 |
0 |
|a Genomics
|
| 650 |
0 |
0 |
|a Bioinformatics
|
| 700 |
1 |
|
|a Andrade, Miguel A.
|
| 997 |
|
|
|a Engineering & Life Sciences, Faculty
|b Science & Biotechnology, Department
|
| 998 |
|
|
|a Bioinformatics, Degree
|
| 998 |
|
|
|a Biotechnology, Degree
|
| 999 |
|
|
|a 0000011863
|b BOK
|c OPEN SHELF
|e 2nd Floor, Bestari Jaya
|